The complete assistant for the landed proprietor, estate and house agent, land-steward, proctor, architect, surveyor, builder, auctioneer, appraiser, upholsterer, cabinet-maker, etc. (Record no. 113855)

MARC details
000 -LEADER
fixed length control field 00661cam a22001695a 4500
001 - CONTROL NUMBER
control field L155825
008 - FIXED-LENGTH DATA ELEMENTS--GENERAL INFORMATION
fixed length control field 120417s1824 xxk f 000 0 eng d
035 ## - SYSTEM CONTROL NUMBER
System control number (Sirsi) u155825
041 0# - LANGUAGE CODE
Language code of text/sound track or separate title eng
245 04 - TITLE STATEMENT
Title The complete assistant for the landed proprietor, estate and house agent, land-steward, proctor, architect, surveyor, builder, auctioneer, appraiser, upholsterer, cabinet-maker, etc.
260 ## - PUBLICATION, DISTRIBUTION, ETC.
Place of publication, distribution, etc. London
Name of publisher, distributor, etc. Priestley and Weale
Date of publication, distribution, etc. 1824
300 ## - PHYSICAL DESCRIPTION
Extent xiii, 476 p.
Other physical details ill., diags., tables
Dimensions 23 cm.
583 ## - ACTION NOTE
Action Condition reviewed
Time/date of action 20120620
Status condition level 1 and 4
651 #4 - SUBJECT ADDED ENTRY--GEOGRAPHIC NAME
Geographic name Great Britain
Chronological subdivision 1707-
690 ## - LOCAL SUBJECT ADDED ENTRY--TOPICAL TERM (OCLC, RLIN)
Topical term or geographic name as entry element Construction management
9 (RLIN) 6230
942 ## - ADDED ENTRY ELEMENTS (KOHA)
Suppress in OPAC 0
Holdings
Withdrawn status Lost status Source of classification or shelving scheme Damaged status Not for loan Home library Current library Shelving location Date acquired Total Checkouts Full call number Barcode Date last seen Copy number Price effective from Koha item type
    Dewey Decimal Classification     Historic collection Historic collection Historic collection 17/04/2012   OCTAVO 1824 COMPLETE 30076730 06/08/2019 1 06/08/2019 Book
          Historic collection Historic collection Historic collection 17/04/2012   LANDOWNING & ESTATE MANAGEMENT OCTAVO 1824 COMPLETE 30078181 26/08/2025 2 06/08/2019 Book